Responses for Show #6262 - Tuesday, December 6, 2011

Contestants

[<< previous game]

Julia Kozicki, an attorney from Noblesville, Indiana

Rich Beimer, a writer and actor from Clarksville, Tennessee

Bhibha Das, a postdoctoral research associate originally from Mt. Zion, Illinois (whose 2-day cash winnings total $41,380)

[next game >>]

Jeopardy! Round responses

YOUR HISTORICAL INSURANCE ADJUSTER
FOOD TALK
FINANCE WITH DAVID FABER
(Alex: The CNBC personality.)
5-LETTER WORDS
MY MOVIES
THE STORY OF O
    $200 11
San Francisco

Bhibha
    $200 1
shrimp

Rich
    $200 30
balloon

Bhibha
    $200 7
a spire

Rich
    $200 16
Fair

Julia
    $200 29
the eye

Rich
    $400 12
Pompeii

Julia
    $400 3
chèvre

Rich
    $400 28
a dividend

Rich
    $400 2
vegan

Julia
    $400 17
Left

Rich
    $400 21
A & B

Rich
    $600 13
the Mona Lisa

Rich
    $600 4
tryptophan

Bhibha
    $600 27
Rupert Murdoch

Rich
    $600 8
excel

Julia
    $600 18
Big Fat

Rich
    $600 22
(Bhibha: What are your eyes?)
(Alex: [*], eau, E-A-U in French)

water

BhibhaRich
    $800 14
(Alex: [*], the space station, yes.)

Mir

Rich
    $800 5
mushrooms

Julia
    $1,000 26
hedge funds

Julia
    $800 9
the lurch

Triple Stumper
    $800 19
(Rich: What is ooo, Mother?)
[Alex and audience chuckle at Rich's delivery]
(Alex: [to Rich]: You're sort of on the right track, but--oh, Bhibha?)
(Bhibha: What is my Sister?)
(Alex: Correct response is My [*] is an Alien. If you're gonna pick on somebody, you don't pick on mom. You pick on your stepmom.)

Stepmother

BhibhaRich
Triple Stumper
    $800 23
omega

Rich
    $1000 15
Alexandria

Bhibha
    $1000 6
kalamata

Julia
    $1000 25
capital gains

Julia
    $1000 10
realm

Triple Stumper
    $1000 20
(Julia: What is My French Laundrette?

Beautiful

RichJulia
    $1000 24
(Rich: What is a glissando?)

a diphthong

Rich
Triple Stumper

Scores at the first commercial break (after clue 15):

Bhibha Rich Julia
$1,800 $2,200 $3,200

Scores at the end of the Jeopardy! Round:

Bhibha Rich Julia
$600 $5,400 $4,400

Double Jeopardy! Round responses

HATS ENTERTAINMENT
NUMERIC PLACES
"HAB" A CLUE
HONORING WHAT?
HUD SECRETARIES
THE STORY OF O. HENRY
    $400 30
Sherlock Holmes

Julia
    $400 10
10,000 Lakes

Rich
    $400 16
habitat

Rich
    $400 29
aviation

Bhibha
    $400 28
LBJ

Bhibha
    $400 1
Porter

Rich
    $800 19
Indiana Jones

Bhibha
    $800 9
Cairo

Bhibha
    $800 6
the habañera

Rich
    $800 23
(Alex: Good, with a minute to go.)

commercials

Rich
    $800 27
George Romney

Julia
    $800 2
embezzlement

Rich
    $1200 18
Frosty the Snowman

Rich
    $1200 11
Area 51

Rich
    $1200 7
haberdasher

Rich
    $1200 22
first line

Rich
    $1200 26
Andrew Cuomo

Julia
    $1200 3
Columbus

Rich
    $1600 17
the yellow hat

Rich
    $13,000 12
(Alex: And you now have--and I mention this only because of what you did a few moments ago--you now have a $15,600 lead.)
(Rich: This is terrifying. $13,000.)
...
(Rich: What are... uh... Wonders of the Modern World?)
(Alex: No.)
(Rich: Na, I didn't think so.)

Summits

Rich
    $7,000 8
(Alex: You have a big lead.)
(Rich: This is difficult. Uh...)
(Alex: No. You have $7,000 more than your nearest opponent. It should be very easy.)
(Rich: Okay. Okay. $7,000.)

habilis

Rich
    $1600 21
MVP (most valuable player)

Julia
    $1600 25
Mary Landrieu

Julia
    $1600 4
the Magi

Rich
    $2000 14
(Alex: And that's [*] he wore in the film about [*]s.)

the green beret

Triple Stumper
    $2000 13
the Three Gorges Dam

Rich
    $2000 15
Habakkuk

Julia
    $2000 20
comics

Julia
    $2000 24
(Mel) Martinez

Julia
    $2000 5
[Alex misspoke while reading the clue, saying "Broadway" for "Subway".]

New York

Triple Stumper

Scores at the end of the Double Jeopardy! Round:

Bhibha Rich Julia
$3,000 $14,200 $16,000

[wagering suggestions for these scores]

Final Jeopardy! Round responses

U.S. STRUCTURES
BhibhaWhat is the Washington Monument?
$0
RichWhat is the Empire State Building?
$8,200
JuliaWhat is the Washington Monument?
$12,401
the Washington Monument

Final scores:

Bhibha Rich Julia
$3,000 $6,000 $28,401
3rd place: $1,000 2nd place: $2,000 New champion: $28,401

Game dynamics:

Coryat scores:

Bhibha Rich Julia
$3,000 $21,800 $15,800
8 R,
2 W
29 R
(including 1 DD),
3 W
(including 1 DD)
16 R
(including 1 DD),
1 W

Combined Coryat: $40,600

[game clues] [game scores] [suggest correction]

Game tape date: 2011-10-12
The J! Archive is created by fans, for fans. Scraping, republication, monetization, and malicious use prohibited; this site may use cookies and collect identifying information. See terms. The Jeopardy! game show and all elements thereof, including but not limited to copyright and trademark thereto, are the property of Jeopardy Productions, Inc. and are protected under law. This website is not affiliated with, sponsored by, or operated by Jeopardy Productions, Inc. Join the discussion at JBoard.tv.